SNELL'S CLINICAL ANATOMY BY REGIONS (Record no. 8400)

MARC details
000 -LEADER
fixed length control field 00439nam a22001697a 4500
005 - DATE AND TIME OF LATEST TRANSACTION
control field 20230821114950.0
008 - FIXED-LENGTH DATA ELEMENTS--GENERAL INFORMATION
fixed length control field 230818b |||||||| |||| 00| 0 eng d
020 ## - INTERNATIONAL STANDARD BOOK NUMBER
ISBN 978-93-87963-40-5
041 ## - LANGUAGE CODE
Language code of text/sound track or separate title eng
082 ## - DEWEY DECIMAL CLASSIFICATION NUMBER
Classification number 611 -MEH-C
100 ## - MAIN ENTRY--AUTHOR NAME
Personal name MEHTA, VANDANA AND SURI, R.K
245 ## - TITLE STATEMENT
Title SNELL'S CLINICAL ANATOMY BY REGIONS
260 ## - PUBLICATION, DISTRIBUTION, ETC. (IMPRINT)
Place of publication PHILADELPHIA
Name of publisher WORTER'S KLUWER
Year of publication 2018
300 ## - PHYSICAL DESCRIPTION
Number of Pages 881,p
650 ## - SUBJECT ADDED ENTRY--TOPICAL TERM
Topical Term BPT
942 ## - ADDED ENTRY ELEMENTS (KOHA)
Koha item type Books
Holdings
Lost status Damaged status Collection code Home library Current library Shelving location Date acquired Source of acquisition Cost, normal purchase price Full call number Accession Number Koha item type
    Reference JRU Library JRU Library SHELF- 8 - C 05/08/2023 PURCHASE [LBI] 3999.00 611 -MEH-C 27934 Books
    PHYSIOTHERAPY JRU Library JRU Library Shelf - 24- B 05/08/2023 PURCHASE [LBI] 3999.00 611 -MEH-C 27935 Books
    PHYSIOTHERAPY JRU Library JRU Library Shelf - 24- B 05/08/2023 PURCHASE [LBI] 3999.00 611 -MEH-C 27936 Books